00510nam a2200193 a 4500001001300000003000900013005001700022008004100039020002300080082001500103100001600118245004500134260004100179300000900220500003500229505002500264650001100289700001600300nice12345678IN_TiNIC20260116012304.0050524s1980 cana grp 000 0 eng  a0919586 c10000a223.2bHAR aHarlow, R E aSongs of Israelb Studies in the Psalms. aCanadabEvery Day Publicationsc1980 a176p aincludes index and biblioraphy2 aBibliograpphy, Index aPsalms1 aHarlow, R E